Материалы Научной конференции по теме "Актуальные проблемы совершенствования регионального планирования народного хозяйства в период развитого социализма" [17-19 ноября 1976 г. Тбилиси. [5]: Четвертая секция. [Методы исследования региональных экономических связей и межотраслевых комплексов] (Запись № 6015983)

Подробности
000 -МАРКЕР
контрольное поле 02642nam2a22002411 4500
001 - ИДЕНТИФИКАТОР ЗАПИСИ
контрольное поле rc\2365054
005 - ИДЕНТИФИКАТОР ВЕРСИИ
контрольное поле 20250622235142.0
035 ## - ДРУГИЕ СИСТЕМНЫЕ НОМЕРА
Идентификатор записи (NLR Aleph) 006479224
100 ## - ДАННЫЕ ОБЩЕЙ ОБРАБОТКИ
Данные общей обработки 20110829d1976 |||y0rusy50 ca
101 0# - ЯЗЫК РЕСУРСА
Язык текста, звукозаписи и т.д. русский
102 ## - СТРАНА ПУБЛИКАЦИИ ИЛИ ПРОИЗВОДСТВА
Страна публикации Российская Федерация
105 ## - ПОЛЕ КОДИРОВАННЫХ ДАННЫХ: ТЕКСТОВЫЕ МАТЕРИАЛЫ, МОНОГРАФИЧЕСКИЕ
Кодированные данные о монографическом текстовом документе y z |||||
200 1# - ЗАГЛАВИЕ И СВЕДЕНИЯ ОБ ОТВЕТСТВЕННОСТИ
Основное заглавие Четвертая секция. [Методы исследования региональных экономических связей и межотраслевых комплексов]
210 ## - ПУБЛИКАЦИЯ, РАСПРОСТРАНЕНИЕ И ДР.
Дата издания, распространения и т.д. 1976
Место издания, распространения и т.д. Б. м.
215 ## - ФИЗИЧЕСКАЯ ХАРАКТЕРИСТИКА
Специфическое обозначение материала и объем 91 с.
461 #0 - УРОВЕНЬ НАБОРА
Встроенное поле 001rc\2365051
-- 2001#$aМатериалы Научной конференции по теме "Актуальные проблемы совершенствования регионального планирования народного хозяйства в период развитого социализма" [17-19 ноября 1976 г. Тбилиси$e1]-$fНауч. совет АН СССР по проблеме размещения произв. сил СССР. Науч. совет по изучению развития и размещения произв. сил Закав. экон. р-на. НИИ экономики и планирования нар. хоз-ва при Госплане$v[5]
Системный номер (АБИС) связанной записи 6015960
Автор Межреспубликанская научная конференция по теме "Актуальные проблемы совершенствования регионального планирования народного хозяйства в период развитого социализма" (1976 ; Тбилиси)
Место публикации Тбилиси
Дата публикации 1976
Первые сведения об ответственности Науч. совет АН СССР по проблеме размещения произв. сил СССР. Науч. совет по изучению развития и размещения произв. сил Закав. экон. р-на. НИИ экономики и планирования нар. хоз-ва при Госплане
Имя издателя, распространителя и т.д. Б. и.
Сведения, относящиеся к заглавию 1]-
Физическая характеристика 90 с.
Заглавие Материалы Научной конференции по теме "Актуальные проблемы совершенствования регионального планирования народного хозяйства в период развитого социализма" [17-19 ноября 1976 г. Тбилиси
Номер тома [5]
517 0# - ДРУГИЕ ВАРИАНТЫ ЗАГЛАВИЯ
Вариант заглавия Методы исследования региональных экономических связей и межотраслевых комплексов
801 #0 - ИСТОЧНИК ЗАПИСИ
Страна Российская Федерация
Организация NLR
Правила каталогизации psbo
801 #1 - ИСТОЧНИК ЗАПИСИ
Страна Российская Федерация
Организация ELAR
Источник данных rusmarc
852 ## - МЕСТОНАХОЖДЕНИЕ И ШИФР ХРАНЕНИЯ
Идентификатор организации NLR
Шифр хранения (Call Number) 76-50к/5788
942 ## - ДОПОЛНИТЕЛЬНЫЕ ЭЛЕМЕНТЫ ЗАПИСИ (АБИС)
Тип экземпляра АБИС Книга
980 ## - КОЛЛЕКЦИЯ
Название коллекции Национальная библиография
Экземпляры
Тип экземпляра Дата поступления Библиотека постоянного хранения Библиотека текущего хранения Место хранения Шифр хранения Штрих-код Статус экземпляра
Книга 26.10.2013 РНБ (Московский) РНБ (Московский) Фонд литературы для служебного пользования 76-50к/5788 6479224-10